Geography Quiz

Random Geography or State Quiz

States by Capital Quiz Stats

 Plays Quiz Updated Mar 18, 2020

Support Sporcle.
Go Orange.
Score 0/50 Timer 05:00
34 Plays Today
Capital State % Correct
HonoluluHawaii
89.3%
Oklahoma CityOklahoma
89%
AustinTexas
88.6%
PhoenixArizona
88.4%
AtlantaGeorgia
87.8%
SacramentoCalifornia
87.6%
IndianapolisIndiana
87.3%
DenverColorado
87.3%
NashvilleTennessee
86.5%
Salt Lake CityUtah
86.3%
Santa FeNew Mexico
85.3%
AlbanyNew York
85.1%
JuneauAlaska
83.6%
TallahasseeFlorida
83.4%
Little RockArkansas
83.3%
BoiseIdaho
81.8%
BostonMassachusetts
81.7%
ColumbusOhio
81.6%
ProvidenceRhode Island
81.3%
RichmondVirginia
80.8%
Baton RougeLouisiana
80.6%
RaleighNorth Carolina
79.2%
Des MoinesIowa
78.5%
TopekaKansas
78.5%
MontgomeryAlabama
77.8%
Capital State % Correct
OlympiaWashington
77.3%
LincolnNebraska
76.1%
JacksonMississippi
75.9%
HartfordConnecticut
75.7%
SpringfieldIllinois
75.4%
TrentonNew Jersey
75.3%
St PaulMinnesota
74.5%
AnnapolisMaryland
73.1%
Carson CityNevada
72.6%
BismarckNorth Dakota
72.6%
LansingMichigan
72.5%
MadisonWisconsin
72.4%
CheyenneWyoming
71.7%
SalemOregon
71.2%
HelenaMontana
70.8%
DoverDelaware
70.5%
AugustaMaine
69.2%
MontpelierVermont
68.6%
HarrisburgPennsylvania
68.4%
PierreSouth Dakota
66.1%
FrankfortKentucky
65.1%
ConcordNew Hampshire
63.8%
CharlestonWest Virginia
63.2%
ColumbiaSouth Carolina
61.9%
Jefferson CityMissouri
59.9%

From the Vault

Party in the USSR

by oldkent

In Soviet Russia the capital picks you!
Remove Ads.
Support Sporcle.
Get the best of Sporcle when you Go Orange. This ad-free experience offers more features, more stats, and more fun while also helping to support Sporcle. Thank you for becoming a member.

Show Comments

Extras

Top Quizzes Today


Score Distribution

Your Account Isn't Verified!

In order to create a playlist on Sporcle, you need to verify the email address you used during registration. Go to your Sporcle Settings to finish the process.

Report this User

Report this user for behavior that violates our Community Guidelines.

Details: